Statistics for Test Your Latin and Greek Knowledge #2

Click here to take the quiz!

General Stats

  • This quiz has been taken 136 times
  • The average score is 7 of 10

Answer Stats

HintAnswer% Correct
MareLatinOcean
92%
Vox, vocisLatinVoice
84%
Pax, pacisLatinPeace
79%
Felix, felicisLatinHappy
68%
NavisLatinShip
68%
FidesLatinFaith
60%
Specto/spectatumLatinSee
60%
NausGreekShip
60%
Loquor, locutusLatinSpeak
46%
Cardo, cardinisLatinHinge
33%

Score Distribution

Percentile by Number Answered

Percent of People with Each Score

Your Score History

You have not taken this quiz